Statistiques concernant Les 12 travaux d'Héraclès

Cliquez ici pour prendre le quiz!

Statistiques générales

  • Ce quiz a été pris 34 fois
  • Le résultat moyen est 4 sur 12

Statistiques - réponses

HintRéponse% Correct
1Tuer le Lion de Némée
87%
2Tuer l'Hydre de Lerne
81%
6Nettoyer les écuries d'Augias
68%
5Abattre les oiseaux du lac Stymphale
39%
12Enchaîner Cerbère
29%
4Capturer le sanglier d'Erymanthe
23%
11Cueillir les pommes d'or du jardin des Hespérides
16%
10Tuer Geryon
13%
9S'emparer de la ceinture de l'Amazone Hippolyte
10%
3S'emparer de la biche de Cerynie
6%
8Tuer Diomède
6%
7Capturer le taureau crétois de Minos
3%

Distribution des résultats

Percentile par nombre de réponses

% des personnes avec chaque résultat

Votre développement - résultats

Vous n’avez pas pris ce quiz